000 00461nam a2200121Ia 4500
008 220615s9999||||xx |||||||||||||| ||und||
100 _aJansson, Jenny||Uba, Katrin
245 0 _aTrade Unions on YouTube
_bOnline Revitalization in Sweden
546 _aEnglish[eng]
650 _aSocial sciences||Industrial sociology||Mass media||Communication||Labor—History
856 _uhttps://library.oapen.org/bitstream/20.500.12657/22859/1/1007302.pdf
942 _cEB
999 _c16937
_d16937